Pays du monde contenant un J - Statistiques

Statistiques générales
  • Ce quiz a été pris 915 fois
  • Le résultat moyen est 5 sur 7
Statistiques - réponses
Pays % Correct
Jordanie
90%
Jamaique
84%
Japon
84%
Azerbaidjan
65%
Fidji
57%
Tadjikistan
55%
Djibouti
47%
Aucun quiz correspondant
Distribution des résultats
% des personnes avec chaque résultat
Percentile par nombre de réponses
Votre historique - résultats
Vous n’avez pas pris ce quiz